ბათუმის შოთა რუსთაველის სახელმწიფო უნივერსიტეტის ბიბლიოთეკა

ფიზიკური აღზრდისა და სპორტის თეორიისა და მეთოდიკის საფუძვლები (მე2 ნაწილი) დამხმარე სახელმძვანელო (ბიბ.ჩანაწერი № 36591)

000 -LEADER
fixed length control field 01064nam a2200229Ia 4500
001 - CONTROL NUMBER
control field 2510
003 - CONTROL NUMBER IDENTIFIER
control field GE_BSU
008 - FIXED-LENGTH DATA ELEMENTS--GENERAL INFORMATION
fixed length control field 181216s||||||||xx |||||||||||||| ||und||
020 ## - INTERNATIONAL STANDARD BOOK NUMBER
International Standard Book Number 9994020595
040 ## - CATALOGING SOURCE
Transcribing agency GE_BSU
080 ## - UNIVERSAL DECIMAL CLASSIFICATION NUMBER
Universal Decimal Classification number 796075.8)
100 ## - MAIN ENTRY--PERSONAL NAME
Personal name [რედ. გიული კახაძე].
245 ## - TITLE STATEMENT
Title ფიზიკური აღზრდისა და სპორტის თეორიისა და მეთოდიკის საფუძვლები (მე2 ნაწილი) დამხმარე სახელმძვანელო
245 ## - TITLE STATEMENT
Remainder of title ფიზიკური აღზრდისა და სპორტის აკადემიის სტუდენტებისათვის
260 ## - PUBLICATION, DISTRIBUTION, ETC.
Place of publication, distribution, etc. თბილისი
260 ## - PUBLICATION, DISTRIBUTION, ETC.
Name of publisher, distributor, etc. თბილისის უნ-ტის
260 ## - PUBLICATION, DISTRIBUTION, ETC.
Date of publication, distribution, etc. 2004
300 ## - PHYSICAL DESCRIPTION
Extent 192 გვ.
653 ## - INDEX TERM--UNCONTROLLED
Uncontrolled term ფიზიკური აღზრდისა და მეთოდიკის საფუძვლები
942 ## - ADDED ENTRY ELEMENTS (KOHA)
Koha item type წიგნი
ეგზემპლარები
Withdrawn status Lost status Damaged status Not for loan Date acquired Barcode Date last seen Price effective from Koha item type
        2018-12-17 1105 2018-12-17 2018-12-17 წიგნი